| 000 | 02197cam a22002174a 4500 | ||
|---|---|---|---|
| 005 | 20250605164115.0 | ||
| 008 | 250528s ||||||||||||||||||||||||d | ||
| 035 | _a18060 | ||
| 020 | _a9600802343 | ||
| 040 |
_aGR-AtMCL _bgre _dGR-AtMCL _eAACR2 |
||
| 245 | 1 |
_aΕισαγωγή στις Ευρωπαϊκές Σπουδές / Οικονομική Ολοκλήρωση και Πολιτικές. _nΤόμος Β' |
|
| 260 |
_bΙ. Σιδέρης, _c2001 |
||
| 300 | _a888 | ||
| 520 | _aΠρολεγόμενα, Ενιαία Αγορά, Τελωνειακές Ενώσεις και Ενιαία Αγορά, Απο την Τελωνειακή Ένωση στην Ενιαία Αγορά: Ιστορική Εξέλιξη, Νομικό Πλαίσιο της Ενιαίας Αγοράς: Θεμελιώδεις Ελευθερίες, Ο Ενιαίος Χρηματοπιστωτικός Χώρος, Πολιτικές Προώθησης της Ανταγωνιστικότητας, Ανταγωνιστικότητα στην Ευρωπαϊκή Ένωση, Η Πολιτική Ανταγωνισμού, Θαλάσσιες Μεταφορές, Οδικές και Πλωτές και Σιδηροδρομικές και Εναέριες Μεταφορές, Οικονομική και Νομισματική Ένωση, Θεωρία Νομισματικών Ενώσεων, Το Θεσμικό Πλαίσιο της Νομισματικής και Οικονομικής Ένωσης, ΟΝΕ και Δημοσιονομική Ενοποίηση, Πολιτικές Συνοχής και Ανάπτυξης, Η Κοινή Αγροτική Πολιτική, Η Εκπαιδευτική Πολιτικής της ΕΕ, Πολιτικές Ποιότητας Ζωής, Προστασία του Καταναλωτή, Προστασία του Περιβάλλοντος - Οικονομική Θεώρηση, Ευρετήριο Εννοιών - Προσώπων - Νομολογίας. | ||
| 700 | 1 |
_aΔημόπουλος Γεώργιος _94347 |
|
| 700 | 1 |
_aΜπαλτάς Νικόλαος _94348 |
|
| 700 | 1 |
_aΧασσίδ Ιωσήφ _94349 |
|
| 942 | _cBK | ||
| 999 |
_c3452 _d3452 |
||